000 00957nmm a2200301 a 4500
001 ocm000604980
003 TR-IsHL
005 20201028131744.0
008 131028s2007 tu tur
007 cr cn
020 _a9789758986514
035 _a604980
_b(N$T)
050 0 4 _aHF1025
_b.D64 2007
090 0 4 _aHF1025
_b.D64 2007
100 1 _aDoğanay, Hayati
245 1 0 _aEkonomik coğrafya 3: ziraat coğrafyası
_h[electronic resource] /
_cHayati Doğanay
250 _a1. bs.
260 _aİstanbul :
_bAktif Yayınevi,
_c2007
300 _a454 p.
650 4 _aGenel Çalışmalar
650 4 _aGeneral Works
650 0 _aTürkiye coğrafyası
650 0 _aGeography of Turkey
650 0 _aZiraat coğrafyası
650 0 _aAgricultural geography
650 7 _aTECHNOLOGY & ENGINEERING / Agriculture / General
_2bisacsh
856 4 0 _uhttp://search.ebscohost.com/login.aspx?direct=true&scope=site&db=e011xww&AN=604980
999 _c4732
_d4732